| 000 | 00785nam a2200301Ia 4500 | ||
|---|---|---|---|
| 001 | 92592 | ||
| 003 | IT-RoPAU | ||
| 008 | 130308s9999 xx 000 0 und d | ||
| 040 | _aIT-RoPAU | ||
| 040 | _cIT-RoPAU | ||
| 041 | _aSPAGNOLO | ||
| 100 | _aSanchez Cordoves Joaquin | ||
| 100 | _gCodice Aut. SPICS: 32537 | ||
| 245 | _aFuturo de la television (El) | ||
| 245 | _bEstudios Sobre Television | ||
| 250 | _a1a ed. | ||
| 260 | _aSPAGNA | ||
| 260 | _bTVE | ||
| 260 | _c1967 [1° Ed.:1967 - Ed.Ling.Originale:1966] | ||
| 300 | _a"7 p. (prefazione: no ; testo: 7 [pagine: 147-153])" | ||
| 500 | _aFuturo della Televisione | ||
| 650 | _aSAGGI SULLA TELEVISIONE | ||
| 650 | _eCodice materia Spics: 6961 | ||
| 942 | _cBK | ||
| 957 | _71 | ||
| 999 |
_c57716 _d57716 |
||
| 999 | _bSI | ||
| 999 | _g1 | ||